00311nam a2200109Ia 4500008004100000050002600041250003300067300002900100650002700129700003000156999001500186151015s9999 xx 000 0 und d aSD 565 U535 R46 1993  a_Remembering the centennial  aUSA forest service 1993  a_celebrating our past  a^d20130507 12:27:26^oanne c4138d4138